| 000 | 00531nam a22001931 4500 | ||
|---|---|---|---|
| 003 | OSt | ||
| 005 | 20150325195406.0 | ||
| 008 | 900725n sp spa | ||
| 040 | _cBMC | ||
| 082 | _a891.7 | ||
| 100 | 1 |
_aAbard, Pablo _931295 |
|
| 245 | 1 | 3 |
_aEl amor y la felicidad _cPablo Abard ; traducción, Eduardo de Guzmán |
| 250 | _a2ª ed | ||
| 260 |
_aBarcelona _bEdic. Jasón _c[s.a.] |
||
| 300 |
_a279 p. _c19 cm |
||
| 650 | 2 | 4 |
_929314 _aNovela rusa |
| 700 | 1 |
_931294 _aGuzmán, Eduardo de _d1908-1991 |
|
| 942 |
_2ddc _cBK |
||
| 999 |
_c18273 _d18273 |
||